000
00317nam a2200133Ia 4500
008
230724s2023 xx 000 0 und d
041
_a
eng
082
_a
328.1/MUD
100
_a
Rohini Mudholkar
245
_a
Political Theories
250
_a
2019 Ed
260
_a
PUNE
_b
HIND LAW HOUSE,
_c
2023
300
_a
1-1072p.
999
_c
751140
_d
751140